| 000 | 00798nam a2200205 a 4500 | ||
|---|---|---|---|
| 008 | 061019s2006 ||||||||||||||||| || u | ||
| 020 | _a1844072975 | ||
| 050 | _aEARTHSCAN(02)2006/1 | ||
| 100 | _aTripp, Robert | ||
| 245 | 1 | 0 | _aSelf-sufficient agriculture |
| 246 | _alabour and knowledge in small-scale farming | ||
| 260 |
_aLondon _bEarthscan _c2006 |
||
| 300 | _a242p., ill. | ||
| 350 | _a0.00 | ||
| 650 | _aAGRICULTURE--DEVELOPING COUNTRIES | ||
| 650 | _aAGRICUTURE--ZAMBIA | ||
| 650 | _aSUSTAINABLE AGRICULTURE--DEVELOPING COUNTRIES--CONGRESSES | ||
| 650 | _aFARMS, SMALL-- DEVELOPING COUNTRIES--CASE STUDIES | ||
| 995 |
_D0.00 _FCBU-MAIN LIBRARY (Kitwe) _H1 _I0.00 _UAVAILABLE _WOct 19, 2006 _ZInternational Publications |
||
| 999 |
_c57285 _d57285 |
||